ბათუმის შოთა რუსთაველის სახელმწიფო უნივერსიტეტის ბიბლიოთეკა

ძველი აღმოსავლეთის ხალხთა ისტორია (ბიბ.ჩანაწერი № 56631)

000 -LEADER
fixed length control field 01149nam a2200253Ia 4500
001 - CONTROL NUMBER
control field 23752
003 - CONTROL NUMBER IDENTIFIER
control field GE_BSU
008 - FIXED-LENGTH DATA ELEMENTS--GENERAL INFORMATION
fixed length control field 181216s||||||||xx |||||||||||||| ||und||
020 ## - INTERNATIONAL STANDARD BOOK NUMBER
International Standard Book Number 5520001626
040 ## - CATALOGING SOURCE
Transcribing agency GE_BSU
080 ## - UNIVERSAL DECIMAL CLASSIFICATION NUMBER
Universal Decimal Classification number 94(3-11)(075.8)
245 ## - TITLE STATEMENT
Title ძველი აღმოსავლეთის ხალხთა ისტორია
245 ## - TITLE STATEMENT
Statement of responsibility, etc. რედ.: გ. მელიქიშვილი. მხატვ. გ. ლომიძე
250 ## - EDITION STATEMENT
Edition statement მეორე გად. გამოც.;საქ. სსრ მეცნ. აკად., ისტორიის, არქეოლოგიისა და ეთნოგრაფიის ინ-ტი
260 ## - PUBLICATION, DISTRIBUTION, ETC.
Place of publication, distribution, etc. თბილისი
260 ## - PUBLICATION, DISTRIBUTION, ETC.
Name of publisher, distributor, etc. მეცნიერება
260 ## - PUBLICATION, DISTRIBUTION, ETC.
Date of publication, distribution, etc. 1988
300 ## - PHYSICAL DESCRIPTION
Extent 497 გვ. : 26 ფ. ილ. ; 22 სმ.
300 ## - PHYSICAL DESCRIPTION
Accompanying material ბიბლიოგრ.: გვ. 483-490.
653 ## - INDEX TERM--UNCONTROLLED
Uncontrolled term ძველი აღმოსავლეთის ისტორია
653 ## - INDEX TERM--UNCONTROLLED
Uncontrolled term ძველი აღმოსავლეთის ხალხთა ისტორია
942 ## - ADDED ENTRY ELEMENTS (KOHA)
Koha item type წიგნი
ეგზემპლარები
Withdrawn status Lost status Damaged status Not for loan Date acquired Barcode Date last seen Price effective from Koha item type
        2018-12-17 28547 2018-12-17 2018-12-17 წიგნი